000 00511nam a2200193 i 4500
001 9975
003 ES-MaACL
005 20230906145808.0
007 t|
008 940706s1991 xxk ||||1| eng d
020 _a0-552-13694-8
080 _a82-311.1"19"
080 _a82(Hailey,A.7 F.01)
100 1 _aHailey, Arthur.
_961490
245 1 4 _aThe Final diagnosis /
_cArthur Hailey.
260 _aLondon [etc.] :
_bCorgi Books,
_c1991.
300 _a380 p. ;
_c18 cm.
852 _aES-MaACL
_jL-17523
_bR.122369
999 _c9975
_d9975